000 00363nam a22001457a 4500
003 macl
005 20190629150612.0
008 190629b xxu||||| |||| 00| 0 eng d
040 _cmacl
100 _aSingh M K & Ranjan, Ravi
_975681
245 _aSardar Vallabhbhai Patel
260 _aDelhi
_bK K Pub
_c2018
650 _aBiography
_975682
942 _2ddc
_cBK
999 _c60358
_d60358